Statistics for Frozen Quiz

Click here to take the quiz!

General Stats

  • This quiz has been taken 1,785 times
  • The average score is 10 of 15

Answer Stats

Hint Answer % Correct
Who builds Olaf?Elsa
98%
Olaf thinks Kristoff's name is ____.Sven
91%
Hans got punched in the ____.Face
90%
Who rests his/her feet on Kristoff's sled?Anna
90%
Kristoff and Sven eat the same _______.Carrots
82%
"What, were you raised in a ____?"Barn
81%
"No, I was raised in a ______."Castle
78%
Who adopts Kristoff and Sven?Trolls
75%
"See you in ___ weeks!"Two
72%
"I owe you a ____."Sled
64%
Kristoff's friends are "____ _______."Love Experts
62%
What is the giant snowman's name?Marshmallow
56%
What is the first song in the movie?Frozen Heart
46%
"Are you holding back your fondness due to his _______ __________?"Unmanly Blondeness
21%
According to Kristoff all men ____ _____ ____.Eat Their Boogers
16%

Score Distribution

Percentile by Number Answered

Percent of People with Each Score

Your Score History

You have not taken this quiz